000 01164nam a2200229Ia 4500
999 _c36147
_d36147
001 2049
003 GE_BSU
005 20221007103840.0
008 181216s2007ru xx |||||||||||||| ||rus||
020 _a9785713312794
040 _cGE_BSU
041 _arus
080 _a343.196(075.8) К-49
100 _aКлишас,А.А.
_915124
245 _aКонституционный контроль и конституционное правосудие зарубежных стран :
_bСравнительно-правовое исследование /
_cА.А. Клишас, Под общ. ред. В.В. Еремяна.
264 _aМосква :
_b,,Международные отношения",
_c2007.
300 _a496 стр.:
_b21см.
653 _aКонституционный контроль и конституционное правосудие зарубежных стран
653 _aუცხო ქვეყნების კონსტიტუციური კონტროლი და კონსტიტუციური სამართალი
653 _aსამართალი
942 _cBK
_2udc